000 01601nam a2200481 i 4500
001 38809
003 KOSZ 005
005 20220324123532.0
008 000313s1999 pl a |000 0 pol
015 _aUWD 2000/8078
020 _a8371991053
035 _a991013063799705066
035 _a(PL-WaBN)b13526224-48omnis_nlop
035 _ab13526224
035 _a(OCoLC)749451579
035 _azz2004944525
035 _a(PL)b0000001352622
035 _a(EXLNZ-48OMNIS_NETWORK)9910290763005606
040 _aWA N
_cWA N
_dKOSZ 005/HR
046 _k1999
080 _a624.2/.8
080 _a(075.8)
245 0 0 _aPodstawy utrzymania mostów /
_cpraca pod red. Andrzeja Jarominiaka.
260 _aRzeszów :
_bOficyna Wydawnicza Politechniki Rzeszowskiej,
_c1999.
300 _a221 s. :
_bil. ;
_c24 cm.
336 _aTekst
_btxt
_2rdacontent
337 _aBez urządzenia pośredniczącego
_bn
_2rdamedia
338 _aWolumin
_bnc
_2rdacarrier
380 _aKsiążki
388 _a1901-2000
388 _a1989-2000
504 _aBibliogr.
521 8 _aDla studentów Wydz. Budownictwa i Inżynierii Środowiska.
650 7 _aMosty
_2DBN
650 7 _aOchrona i konserwacja
655 7 _aPodręczniki akademickie
_2DBN
658 _aArchitektura i budownictwo
700 1 _aJarominiak, Andrzej
_eRedakcja
710 2 _aOficyna Wydawnicza Politechniki Rzeszowskiej
_4pbl
856 _uhttp://koha.tu.koszalin.pl/cgi-bin/koha/opac-detail.pl?biblionumber=38809
_yKatalog online BPK
942 _2UKD
_cKS
999 _c38809
_d38809